000
00211 a2200085 4500
020
_a
9780754819547
100
_a
Michael Howard
245
_a
Customers who viewed this item also viewed
260
_b
Lorenz Books
_c
2010
999
_c
13667
_d
13667